Dolnozemské pastorále

Bibliographic Details
Main Author: Kološtová, Marianna, 1959- (Author)
Format: Article
Language:Slovak
PhysicalDescription:Fotogr.
ISSN:1335-1605
Subjects:

MARC

LEADER 00000nab a2200000 ar4500
001 vtls010682627
003 SK-MaSNL
005 20260304024121.0
008 150529c2014 xo q||p||| |000 b|slo
015 |a SNBRB2015/05 
038 |a SPK 
040 |a SPKCL  |b slo  |c AACR2  |e AACR2 
041 0 |a slo 
044 |a xo  |c SK 
072 7 |a 06  |x Organizácie všeobecnej povahy  |2 konspekt 
072 7 |a 39  |x Etnológia. Etnografia. Folklór  |2 konspekt 
072 7 |a 784  |x Vokálna hudba  |2 konspekt 
080 |a 061.3  |x (497.11)  |2 2001 
080 |a 398.1  |2 2001 
080 |a 784.3/.7  |2 2001 
100 1 |a Kološtová, Marianna,  |d 1959-  |4 aut  |9 71824 
245 1 0 |a Dolnozemské pastorále  |c Marianna Kološtová 
300 |b Fotogr. 
611 2 7 |a Slovenská hudba vo Vojvodine  |n (10. :  |d 2014 :  |c Nový Sad, Srbsko)  |2 snkbucl  |9 1304621 
650 0 7 |a tradície  |2 snkbucl  |9 15975 
650 0 7 |a piesne  |2 snkbucl  |9 3416 
650 0 7 |a výskum  |2 snkbucl  |9 4238 
650 0 7 |a program  |2 snkbucl  |9 873327 
650 0 7 |a konferencie  |2 snkbucl  |9 19221 
651 7 |a Vojvodina (Srbsko)  |2 snkbucl  |9 27375 
773 0 |t Múzy v škole  |g Roč. 19, č. 3-4 (2014), s. 85-89  |x 1335-1605 
852 |a SPK  |b KIS3GCP 
999 |c 2620021  |d 2621951